| 000 | 00362nam a22001577a 4500 | ||
|---|---|---|---|
| 003 | OSt | ||
| 008 | 230222b |||||||| |||| 00| 0 eng d | ||
| 041 | _amal | ||
| 082 |
_a894.812 3 _bFAS/FR |
||
| 100 |
_aFast, Howard _95386 |
||
| 245 | _aFreedom road | ||
| 250 | _I4th | ||
| 260 |
_aThiruvananthapuram _CChintha Publishers _c2023 |
||
| 300 | _a304 | ||
| 942 | _cBK | ||
| 999 |
_c17631 _d17631 |
||